[Event "RB-2022-0-00415"]
[Site "LSS email"]
[Date "2022.03.23"]
[Round "?"]
[White "Ederer, Karel"]
[Black "Shchebenyuk, Nina"]
[Result "1-0"]
[WhiteElo "1881"]
[BlackElo "1843"]
[PlyCount "107"]
[EventDate "2022.01.13"]
[EventType "tourn (corr)"]
[EventRounds "6"]
[EventCountry "GER"]
[SourceTitle "Corr 2024"]
[Source "ChessBase"]
[SourceDate "2023.10.19"]
[SourceVersion "1"]
[SourceVersionDate "2023.10.19"]
[SourceQuality "1"]

1. d4 e6 2. c4 d5 3. Nc3 Nf6 4. Bg5 Be7 5. e3 h6 6. Bh4 0-0 7. Nf3 Ne4 8. Bxe7 Qxe7 9. cxd5 Nxc3 10. bxc3 exd5 11. Qb3 Rd8 12. c4 dxc4 13. Bxc4 Nc6 14. Be2 Rd6 15. 0-0 Be6 16. Qc3 Bd5 17. Rfc1 Rad8 18. Ne1 b6 19. Bf3 Bxf3 20. Nxf3 Rg6 21. Rab1 Qe4 22. Qc2 Qg4 23. Ne1 Rd5 24. h3 Qh4 25. Nf3 Qe7 26. Rb3 Rdd6 27. Rb2 Qd7 28. Kf1 Rgf6 29. Qc4 Rf5 30. Rbc2 Rdf6 31. Ne1 Qe7 32. Re2 Qd7 33. Kg1 Rg5 34. f4 Rh5 35. Nf3 Rg6 36. Kf2 Rd5 37. Rec2 Rf6 38. Rc3 g5 39. a3 Rdd6 40. Qd3 Kg7 41. Rc4 a5 42. Qc3 Ne7 43. e4 Rc6 44. f5 Rxc4 45. Qxc4 c5 46. d5 Kg8 47. Ne5 Qd6 48. Ng4 Qf4+ 49. Kg1 Rd6 50. Rf1 Qd2 51. Qa6 Qd4+ 52. Kh1 Nxd5 53. Qc8+ Kh7 54. Qf8 1-0

[Event "OP-2022-0-05268"]
[Site "LSS email"]
[Date "2022.03.11"]
[Round "?"]
[White "Ederer, Karel"]
[Black "Cerne, Peter"]
[Result "1/2-1/2"]
[WhiteElo "1878"]
[BlackElo "1450"]
[PlyCount "90"]
[EventDate "2022.03.09"]
[EventType "tourn (corr)"]
[EventRounds "4"]
[EventCountry "GER"]
[SourceTitle "Corr 2024"]
[Source "ChessBase"]
[SourceDate "2023.10.19"]
[SourceVersion "1"]
[SourceVersionDate "2023.10.19"]
[SourceQuality "1"]

1. e4 e5 2. f4 d5 3. exd5 e4 4. d3 exd3 5. Qxd3 Nf6 6. Nc3 Na6 7. a3 Nc5 8. Qe2+ Be7 9. Be3 0-0 10. 0-0-0 Re8 11. Qc4 b6 12. Nf3 Bd6 13. Ne5 Ng4 14. Nxg4 Bxg4 15. Re1 a6 16. b4 Nb7 17. Bd3 Bd7 18. Bd2 Bf8 19. Ne4 Bb5 20. Qb3 Bxd3 21. Qxd3 h6 22. h4 Nd6 23. Ng5 g6 24. Bc3 Bg7 25. Bxg7 Kxg7 26. Rxe8 Qxe8 27. Qc3+ Kg8 28. h5 gxh5 29. Rxh5 Qf8 30. Nf3 Qg7 31. Ne5 a5 32. Qxc7 Qf6 33. g3 axb4 34. axb4 Ra1+ 35. Kb2 Rg1 36. Qc3 b5 37. Kb3 Nc4 38. d6 Rd1 39. Ka2 Rxd6 40. Rh1 Ra6+ 41. Kb1 Ra3 42. Qd4 Ra4 43. Qc3 Ra3 44. Qd4 Ra4 45. Qc3 Ra3 1/2-1/2

[Event "OP-2022-0-05268"]
[Site "LSS email"]
[Date "2022.03.11"]
[Round "?"]
[White "Ederer, Karel"]
[Black "Koehler, Hans Christian"]
[Result "1-0"]
[WhiteElo "1878"]
[BlackElo "1378"]
[PlyCount "67"]
[EventDate "2022.03.09"]
[EventType "tourn (corr)"]
[EventRounds "4"]
[EventCountry "GER"]
[SourceTitle "Corr 2024"]
[Source "ChessBase"]
[SourceDate "2023.10.19"]
[SourceVersion "1"]
[SourceVersionDate "2023.10.19"]
[SourceQuality "1"]

1. d4 c6 2. c4 d5 3. Nc3 Nf6 4. Nf3 dxc4 5. a4 Bf5 6. Ne5 e6 7. f3 Bb4 8. e4 Bg6 9. Bxc4 0-0 10. 0-0 Nbd7 11. Nd3 Be7 12. Be3 Rc8 13. a5 c5 14. d5 exd5 15. Nxd5 Nxd5 16. Bxd5 c4 17. Nf4 Bc5 18. Qd2 b5 19. axb6 Qxb6 20. Bxc5 Nxc5 21. Qe3 Qxb2 22. Bxc4 Rfd8 23. Rfb1 Qf6 24. Nd5 Qd6 25. Rxa7 Kh8 26. Ne7 Rb8 27. Nxg6+ fxg6 28. Rxb8 Rxb8 29. e5 Qd1+ 30. Bf1 Nb3 31. Kf2 Nd2 32. Be2 Qc2 33. e6 Nc4 34. Qf4 1-0

[Event "RB-2022-0-00413"]
[Site "LSS email"]
[Date "2022.02.21"]
[Round "?"]
[White "Baltar, Antoni"]
[Black "Ederer, Karel"]
[Result "1-0"]
[WhiteElo "1911"]
[BlackElo "1876"]
[PlyCount "129"]
[EventDate "2021.11.27"]
[EventType "tourn (corr)"]
[EventRounds "6"]
[EventCountry "GER"]
[SourceTitle "Corr 2024"]
[Source "ChessBase"]
[SourceDate "2023.10.19"]
[SourceVersion "1"]
[SourceVersionDate "2023.10.19"]
[SourceQuality "1"]

1. e4 e5 2. Nc3 Nf6 3. Bc4 Bc5 4. d3 d6 5. Na4 Bb6 6. Nxb6 axb6 7. Ne2 0-0 8. Bg5 Be6 9. Nc3 h6 10. Bh4 Nbd7 11. a4 Qe8 12. b3 Kh7 13. f3 Nh5 14. Qd2 Bxc4 15. dxc4 Nf4 16. g4 Nc5 17. 0-0-0 Nce6 18. Bg3 Nh3 19. Nd5 Qd8 20. Kb1 Neg5 21. Rhf1 Ra5 22. Qg2 Re8 23. Be1 Ra8 24. Bd2 f6 25. f4 Nxf4 26. Nxf4 exf4 27. Rxf4 Ne6 28. Rf5 Nc5 29. g5 fxg5 30. h4 g6 31. Rf7+ Kg8 32. Rdf1 Re7 33. R7f3 Nxe4 34. hxg5 h5 35. Bc1 Qe8 36. Qg1 Re5 37. Ka2 Qe6 38. Qd4 c5 39. Qd3 Rf5 40. Rxf5 gxf5 41. Bb2 b5 42. cxb5 Rxa4+ 43. Kb1 Rb4 44. g6 Qxg6 45. Qd1 Ng3 46. Rf3 Rxb5 47. Qd5+ Kf8 48. Qd3 h4 49. Qxb5 h3 50. Be5 h2 51. Rxg3 h1Q+ 52. Kb2 Qe6 53. Bg7+ Kf7 54. Bc3 Kf8 55. Qa4 Qhe4 56. Qa5 Qe8 57. Rh3 Qg6 58. Qc7 Qe7 59. Qc8+ Kf7 60. Rh1 Qe4 61. Re1 Qge6 62. Qc7+ Qe7 63. Qxe7+ Kxe7 64. Rxe4+ fxe4 65. Be1 1-0

[Event "OP-2022-0-05253"]
[Site "LSS email"]
[Date "2022.02.09"]
[Round "?"]
[White "Ederer, Karel"]
[Black "Koehler, Hans Christian"]
[Result "1-0"]
[WhiteElo "1862"]
[BlackElo "1395"]
[PlyCount "35"]
[EventDate "2022.02.05"]
[EventType "tourn (corr)"]
[EventRounds "4"]
[EventCountry "GER"]
[SourceTitle "Corr 2024"]
[Source "ChessBase"]
[SourceDate "2023.10.19"]
[SourceVersion "1"]
[SourceVersionDate "2023.10.19"]
[SourceQuality "1"]

1. d4 Nf6 2. c4 e6 3. Nf3 b6 4. g3 Bb7 5. Bg2 Bb4+ 6. Bd2 Bxd2+ 7. Qxd2 0-0 8. Nc3 d6 9. 0-0 Nbd7 10. Qc2 c5 11. Rad1 Qc7 12. Nb5 Qb8 13. dxc5 dxc5 14. Rd2 a6 15. Nd6 Ra7 16. Nxb7 Qxb7 17. Ne5 Qc8 18. Nc6 1-0

[Event "RB-2022-0-00411"]
[Site "LSS email"]
[Date "2022.01.06"]
[Round "?"]
[White "Ederer, Karel"]
[Black "Sofia, Gerardo"]
[Result "1-0"]
[WhiteElo "1876"]
[BlackElo "1769"]
[PlyCount "109"]
[EventDate "2021.10.15"]
[EventType "tourn (corr)"]
[EventRounds "6"]
[EventCountry "GER"]
[SourceTitle "Corr 2024"]
[Source "ChessBase"]
[SourceDate "2023.10.19"]
[SourceVersion "1"]
[SourceVersionDate "2023.10.19"]
[SourceQuality "1"]

1. d4 Nf6 2. c4 e6 3. Nf3 b6 4. g3 Bb7 5. Bg2 Bb4+ 6. Bd2 Bxd2+ 7. Qxd2 0-0 8. Nc3 d6 9. 0-0 Nbd7 10. Qc2 c5 11. Rad1 a6 12. e4 Qc7 13. d5 Rae8 14. dxe6 Rxe6 15. Nh4 Bc6 16. a4 g6 17. f3 Ba8 18. Bh3 Ree8 19. Qd2 Ne5 20. Qxd6 Qd8 21. b3 Nc6 22. Qxd8 Rxd8 23. Nd5 Nxd5 24. exd5 Nd4 25. Rd3 b5 26. f4 bxa4 27. bxa4 Rb8 28. Nf3 Nxf3+ 29. Rdxf3 Rb4 30. Rc1 Rxa4 31. Re3 Bb7 32. d6 Rb4 33. f5 gxf5 34. Bxf5 Rd8 35. d7 Bc6 36. Re5 Kf8 37. Rxc5 Bxd7 38. Rd5 Ke7 39. Rcd1 Bxf5 40. Rxd8 Rxc4 41. R8d5 Bg4 42. Ra1 Rc6 43. Ra4 h5 44. Ra2 Rc1+ 45. Kg2 Be6 46. Re2 Ra1 47. Rxh5 a5 48. Re3 a4 49. Ra5 Ra2+ 50. Kg1 Kf6 51. h4 Kg6 52. Rd3 Kg7 53. g4 a3 54. Rdxa3 Rxa3 55. Rxa3 1-0

[Event "RB-2022-0-00411"]
[Site "LSS email"]
[Date "2022.01.06"]
[Round "?"]
[White "Oliger, Mark"]
[Black "Ederer, Karel"]
[Result "1/2-1/2"]
[WhiteElo "1983"]
[BlackElo "1876"]
[PlyCount "61"]
[EventDate "2021.10.15"]
[EventType "tourn (corr)"]
[EventRounds "6"]
[EventCountry "GER"]
[SourceTitle "Corr 2024"]
[Source "ChessBase"]
[SourceDate "2023.10.19"]
[SourceVersion "1"]
[SourceVersionDate "2023.10.19"]
[SourceQuality "1"]

1. e4 c5 2. Nf3 Nc6 3. Bb5 g6 4. 0-0 Bg7 5. Re1 Nf6 6. e5 Nd5 7. Nc3 Nc7 8. Bxc6 dxc6 9. Ne4 b6 10. h3 0-0 11. d3 Ne6 12. a4 a5 13. Neg5 Nd4 14. Bf4 h6 15. Ne4 Bf5 16. Rc1 Qd7 17. Nxd4 cxd4 18. h4 Kh7 19. b3 Be6 20. Qd2 Rfe8 21. f3 c5 22. Qf2 Bd5 23. Re2 f5 24. exf6 exf6 25. Rce1 Re6 26. Nd2 Rae8 27. Rxe6 Rxe6 28. Rxe6 Qxe6 29. Kf1 f5 30. Qe1 Qd7 31. Bh2 1/2-1/2

[Event "OP-2021-0-05234"]
[Site "LSS email"]
[Date "2021.12.29"]
[Round "?"]
[White "Grillo, Roberto"]
[Black "Ederer, Karel"]
[Result "1/2-1/2"]
[WhiteElo "1880"]
[BlackElo "1890"]
[PlyCount "107"]
[EventDate "2021.12.24"]
[EventType "tourn (corr)"]
[EventRounds "4"]
[EventCountry "GER"]
[SourceTitle "Corr 2024"]
[Source "ChessBase"]
[SourceDate "2023.10.19"]
[SourceVersion "1"]
[SourceVersionDate "2023.10.19"]
[SourceQuality "1"]

1. d4 Nf6 2. c4 g6 3. Nc3 d5 4. cxd5 Nxd5 5. e4 Nxc3 6. bxc3 Bg7 7. Nf3 c5 8. Be3 Qa5 9. Nd2 Nd7 10. Qc2 0-0 11. Be2 Nf6 12. h3 Qc7 13. Qb3 e6 14. 0-0 b6 15. Bf3 Bb7 16. a4 Rab8 17. g3 Nd7 18. Rfc1 Rbc8 19. Bg2 cxd4 20. cxd4 Qxc1+ 21. Rxc1 Rxc1+ 22. Kh2 Rc7 23. a5 bxa5 24. Qa4 Nb6 25. Qxa5 Ra8 26. h4 h6 27. h5 g5 28. f4 gxf4 29. Bxf4 Rd7 30. Be5 f6 31. Bf4 Rxd4 32. Qa2 Kh8 33. Qxe6 Rad8 34. Nf3 Rxe4 35. Ne5 Rxe5 36. Bxe5 Bc8 37. Qe7 Rf8 38. Bd4 Nc4 39. Bh3 Bxh3 40. Kxh3 Ne5 41. Bc5 Rf7 42. Qe8+ Kh7 43. Qa8 a6 44. Qxa6 Rc7 45. Bd4 Rc6 46. Qe2 Kg8 47. Qa2+ Kh7 48. Qd5 Rc7 49. Be3 Rd7 50. Qe4+ Kh8 51. Qa8+ Kh7 52. Qe4+ Kh8 53. Qa8+ Kh7 54. Qe4+ 1/2-1/2

[Event "OP-2021-0-05234"]
[Site "LSS email"]
[Date "2021.12.28"]
[Round "?"]
[White "Csoma, Robert"]
[Black "Ederer, Karel"]
[Result "0-1"]
[WhiteElo "1118"]
[BlackElo "1890"]
[PlyCount "58"]
[EventDate "2021.12.24"]
[EventType "tourn (corr)"]
[EventRounds "4"]
[EventCountry "GER"]
[SourceTitle "Corr 2024"]
[Source "ChessBase"]
[SourceDate "2023.10.19"]
[SourceVersion "1"]
[SourceVersionDate "2023.10.19"]
[SourceQuality "1"]

1. e4 c5 2. Nf3 Nc6 3. d4 cxd4 4. Nxd4 Nf6 5. Nc3 e5 6. Ndb5 d6 7. Bg5 a6 8. Na3 b5 9. Nd5 Be7 10. Bxf6 gxf6 11. Qh5 Be6 12. 0-0-0 0-0 13. Kb1 Rb8 14. g3 Qd7 15. h3 f5 16. Bd3 fxe4 17. Bxe4 f5 18. Bg2 e4 19. f3 Ne5 20. f4 Bxd5 21. Rxd5 Qc6 22. Rhd1 b4 23. Nc4 Nxc4 24. Rxf5 Na3+ 25. bxa3 bxa3+ 26. Kc1 Qc3 27. Rxf8+ Kxf8 28. Qf5+ Kg7 29. Qxe4 Rb1+ 0-1

[Event "OP-2021-0-05230"]
[Site "LSS email"]
[Date "2021.12.18"]
[Round "?"]
[White "Ederer, Karel"]
[Black "Huber, Karl"]
[Result "0-1"]
[WhiteElo "1885"]
[BlackElo "1466"]
[PlyCount "110"]
[EventDate "2021.12.17"]
[EventType "tourn (corr)"]
[EventRounds "4"]
[EventCountry "GER"]
[SourceTitle "Corr 2024"]
[Source "ChessBase"]
[SourceDate "2023.10.19"]
[SourceVersion "1"]
[SourceVersionDate "2023.10.19"]
[SourceQuality "1"]

1. e4 e6 2. d4 d5 3. Nc3 Nf6 4. Bg5 dxe4 5. Nxe4 Be7 6. Bxf6 Bxf6 7. Nf3 0-0 8. Qd2 Be7 9. Bd3 Nd7 10. 0-0-0 c5 11. Nxc5 Nxc5 12. dxc5 Qc7 13. h4 Rd8 14. Qe2 Bd7 15. Ne5 Be8 16. Qe4 g6 17. h5 Bf6 18. f4 Rd5 19. hxg6 hxg6 20. Rde1 Qxc5 21. Kb1 Bg7 22. Qe2 Rad8 23. g3 a6 24. Qg4 b5 25. Rh4 b4 26. Qh3 Qd4 27. Rh1 Kf8 28. Rh7 Rxe5 29. fxe5 Bxe5 30. Qh6+ Kg8 31. Qc1 Bf6 32. R7h2 a5 33. Rf1 Bg7 34. Re1 Qd6 35. Qf4 Qc5 36. Rd2 a4 37. Rf1 Qe5 38. Qxe5 Bxe5 39. g4 a3 40. b3 Kg7 41. Rg2 Bc6 42. Rgf2 Rd7 43. g5 Bg3 44. Rf6 Be5 45. R6f2 Bg3 46. Rf6 Bh4 47. R6f4 Bxg5 48. Rxb4 Be7 49. Rc4 Bb7 50. Ra4 f5 51. Re1 Kf6 52. Bb5 Rd6 53. Ra7 Bf3 54. c3 g5 55. Kc2 g4 0-1

[Event "OP-2021-0-05220"]
[Site "LSS email"]
[Date "2021.11.28"]
[Round "?"]
[White "Ederer, Karel"]
[Black "Molina, Vicente Andres"]
[Result "1-0"]
[WhiteElo "1890"]
[BlackElo "703"]
[PlyCount "47"]
[EventDate "2021.11.24"]
[EventType "tourn (corr)"]
[EventRounds "4"]
[EventCountry "GER"]
[SourceTitle "Corr 2024"]
[Source "ChessBase"]
[SourceDate "2023.10.19"]
[SourceVersion "1"]
[SourceVersionDate "2023.10.19"]
[SourceQuality "1"]

1. d4 d5 2. c4 c6 3. Nc3 e5 4. dxe5 d4 5. Ne4 Qa5+ 6. Nd2 Bf5 7. Ngf3 c5 8. g3 Nc6 9. Bg2 0-0-0 10. 0-0 Nge7 11. Ng5 Nxe5 12. f4 Ng4 13. Nxf7 Ne3 14. Nb3 Nxd1 15. Nxa5 Ne3 16. Bxb7+ Kc7 17. Bxe3 dxe3 18. Nxh8 Kb6 19. Rad1 Rd4 20. Nb3 Rxc4 21. Rd8 Ng6 22. Nxg6 hxg6 23. Rxf8 Kxb7 24. Na5+ 1-0

[Event "OP-2021-0-05220"]
[Site "LSS email"]
[Date "2021.11.28"]
[Round "?"]
[White "Obrien, Glenn"]
[Black "Ederer, Karel"]
[Result "1/2-1/2"]
[WhiteElo "1272"]
[BlackElo "1890"]
[PlyCount "58"]
[EventDate "2021.11.24"]
[EventType "tourn (corr)"]
[EventRounds "4"]
[EventCountry "GER"]
[SourceTitle "Corr 2024"]
[Source "ChessBase"]
[SourceDate "2023.10.19"]
[SourceVersion "1"]
[SourceVersionDate "2023.10.19"]
[SourceQuality "1"]

1. e4 c5 2. Nf3 d6 3. d4 cxd4 4. Nxd4 Nf6 5. Nc3 e6 6. g4 h6 7. h4 Be7 8. Rg1 d5 9. exd5 Nxd5 10. Nxd5 Qxd5 11. Be3 Nc6 12. Nxc6 Qxc6 13. Qd2 Bd7 14. 0-0-0 0-0-0 15. Bg2 Qc7 16. Qd4 Bc6 17. Qxg7 Bxg2 18. Rxg2 Rxd1+ 19. Kxd1 Rd8+ 20. Kc1 Bxh4 21. Bxh6 e5 22. Bg5 Qa5 23. c3 Bxg5+ 24. Qxg5 Qxa2 25. Qf5+ Kb8 26. Qxe5+ Ka8 27. Qe2 Qa1+ 28. Kc2 Qa4+ 29. Kc1 Qa1+ 1/2-1/2

[Event "OP-2021-0-05214"]
[Site "LSS email"]
[Date "2021.11.16"]
[Round "?"]
[White "Swiatek, Janusz"]
[Black "Ederer, Karel"]
[Result "1/2-1/2"]
[WhiteElo "1726"]
[BlackElo "1917"]
[PlyCount "99"]
[EventDate "2021.11.13"]
[EventType "tourn (corr)"]
[EventRounds "4"]
[EventCountry "GER"]
[SourceTitle "Corr 2024"]
[Source "ChessBase"]
[SourceDate "2023.10.19"]
[SourceVersion "1"]
[SourceVersionDate "2023.10.19"]
[SourceQuality "1"]

1. e4 c5 2. Nf3 d6 3. d4 cxd4 4. Nxd4 Nf6 5. Nc3 g6 6. Be3 Bg7 7. f3 Nc6 8. Qd2 0-0 9. Bc4 Bd7 10. h4 Rc8 11. Nxc6 bxc6 12. h5 Be6 13. Bxe6 fxe6 14. hxg6 hxg6 15. Ne2 Rb8 16. c3 Kf7 17. Bxa7 Rh8 18. Rxh8 Qxh8 19. Bxb8 Qh1+ 20. Kf2 Qxa1 21. b4 g5 22. Ba7 g4 23. Be3 Nh5 24. fxg4 Nf6 25. Kf3 Qh1 26. Bf2 Qh7 27. Ng3 Qh4 28. Ke2 Qxg4+ 29. Kd3 d5 30. Qe2 dxe4+ 31. Kc4 Qg6 32. a4 Bh6 33. Qc2 Qg5 34. Kb3 e3 35. Be1 c5 36. Qd3 cxb4 37. cxb4 Bg7 38. a5 Nd5 39. Qe4 Nf6 40. Qf3 Qg6 41. Qd1 Qg5 42. Qf3 Qg6 43. Kc4 Qb1 44. Bc3 Kg8 45. Qxe3 Qa2+ 46. Kb5 Qd5+ 47. Qc5 Qd3+ 48. Qc4 Qxg3 49. Qxe6+ Kf8 50. Bd4 1/2-1/2

[Event "OP-2021-0-05203"]
[Site "LSS email"]
[Date "2021.10.26"]
[Round "?"]
[White "Borchardt, Petra"]
[Black "Ederer, Karel"]
[Result "1-0"]
[WhiteElo "1502"]
[BlackElo "1917"]
[PlyCount "103"]
[EventDate "2021.10.20"]
[EventType "tourn (corr)"]
[EventRounds "4"]
[EventCountry "GER"]
[SourceTitle "Corr 2024"]
[Source "ChessBase"]
[SourceDate "2023.10.19"]
[SourceVersion "1"]
[SourceVersionDate "2023.10.19"]
[SourceQuality "1"]

1. d4 Nf6 2. c4 c5 3. d5 b5 4. Nf3 Bb7 5. a4 bxc4 6. Nc3 g6 7. e4 Bg7 8. Bxc4 0-0 9. 0-0 d6 10. Bf4 Na6 11. Qd2 Nb4 12. b3 Nd7 13. Rae1 Rb8 14. Rd1 Bc8 15. h3 Nb6 16. Be2 f6 17. Rfe1 g5 18. Bg3 h6 19. h4 Nd7 20. hxg5 fxg5 21. e5 g4 22. Nh4 Nxe5 23. Bb5 Rb6 24. Ne4 Rxb5 25. axb5 Nbd3 26. Re2 Bd7 27. Qe3 Bxb5 28. Nc3 Ba6 29. Ra2 Nb4 30. Rxa6 Nxa6 31. Qe2 Nf7 32. Qxg4 Ng5 33. f4 Nh7 34. Ne4 Nf6 35. Nxf6+ Rxf6 36. Be1 Qf8 37. f5 Nc7 38. Bc3 Kh7 39. Rd3 Qf7 40. Qe4 Nb5 41. Ba1 a5 42. Rg3 Nc7 43. Rd3 Nb5 44. Rg3 Nc7 45. Rd3 Nb5 46. Ng6 Nd4 47. Rg3 Qe8 48. Nf4 Kh8 49. Ne6 Rxe6 50. fxe6 Be5 51. Bxd4 Bxd4+ 52. Kf1 1-0

[Event "OP-2021-0-05203"]
[Site "LSS email"]
[Date "2021.10.26"]
[Round "?"]
[White "Farr, Dorota"]
[Black "Ederer, Karel"]
[Result "1/2-1/2"]
[WhiteElo "1548"]
[BlackElo "1917"]
[PlyCount "78"]
[EventDate "2021.10.20"]
[EventType "tourn (corr)"]
[EventRounds "4"]
[EventCountry "GER"]
[SourceTitle "Corr 2024"]
[Source "ChessBase"]
[SourceDate "2023.10.19"]
[SourceVersion "1"]
[SourceVersionDate "2023.10.19"]
[SourceQuality "1"]

1. d4 Nf6 2. f3 d5 3. e4 dxe4 4. Nc3 Bf5 5. g4 Bg6 6. g5 Nd5 7. Nxe4 Nc6 8. Bb5 e5 9. Bxc6+ bxc6 10. dxe5 Qe7 11. Qd4 Nb4 12. Qc3 Bxe4 13. fxe4 Qc5 14. Qxc5 Bxc5 15. Kd1 0-0-0+ 16. Bd2 Be3 17. Nf3 Rxd2+ 18. Nxd2 Rd8 19. Ke2 Bxd2 20. c3 Nc2 21. Raf1 Bxg5 22. Rxf7 Rd2+ 23. Kf3 Bh6 24. e6 Kd8 25. Rg1 Ne3 26. b3 a6 27. Rfxg7 Bxg7 28. Rxg7 Nd1 29. Rxh7 Nxc3 30. h4 Rd6 31. Rd7+ Rxd7 32. exd7 Kxd7 33. Ke3 Nxa2 34. h5 Ke7 35. e5 Kf8 36. Kd4 Nc1 37. Kc4 Ne2 38. Kc5 Nf4 39. Kxc6 Nxh5 1/2-1/2

[Event "OP-2021-0-05190"]
[Site "LSS email"]
[Date "2021.09.26"]
[Round "?"]
[White "Farr, Dorota"]
[Black "Ederer, Karel"]
[Result "0-1"]
[WhiteElo "1563"]
[BlackElo "1937"]
[PlyCount "102"]
[EventDate "2021.09.19"]
[EventType "tourn (corr)"]
[EventRounds "4"]
[EventCountry "GER"]
[SourceTitle "Corr 2024"]
[Source "ChessBase"]
[SourceDate "2023.10.19"]
[SourceVersion "1"]
[SourceVersionDate "2023.10.19"]
[SourceQuality "1"]

1. d4 Nf6 2. f3 d5 3. e4 dxe4 4. Nc3 Bf5 5. g4 Bg6 6. g5 Nd5 7. Nxe4 Nc6 8. h4 f5 9. Nc3 Nxc3 10. bxc3 Qd5 11. Qd3 e5 12. Qb5 Bf7 13. Rb1 Bd6 14. Qxb7 0-0 15. Rb5 Qxa2 16. Qxc6 Qxc2 17. dxe5 Qxc1+ 18. Kf2 Be7 19. Ne2 Qd2 20. e6 Be8 21. Qd5 Rd8 22. Qxd2 Rxd2 23. Ra5 Bc6 24. Ke3 Rd5 25. Rxd5 Bxd5 26. Nd4 c5 27. Nb5 a5 28. Bd3 Bxe6 29. Ra1 Bd8 30. Nd6 Bc7 31. Bc4 Bxc4 32. Nxc4 Ra8 33. h5 Kf7 34. Rb1 g6 35. Rb7 Re8+ 36. Kf2 Re7 37. hxg6+ Kxg6 38. f4 Re4 39. Nd2 Rxf4+ 40. Nf3 Bd8 41. Kg2 Bxg5 42. Ne5+ Kh6 43. Rb5 Re4 44. Rxc5 a4 45. Nf3 Bf6 46. Kf2 Kg6 47. Rc6 h5 48. Ra6 Kf7 49. Ra5 Bxc3 50. Rc5 Bb4 51. Rxf5+ Ke7 0-1

[Event "OP-2021-0-05185"]
[Site "LSS email"]
[Date "2021.09.11"]
[Round "?"]
[White "Ederer, Karel"]
[Black "Kolanek, Sylwia"]
[Result "1/2-1/2"]
[WhiteElo "1937"]
[BlackElo "2103"]
[PlyCount "63"]
[EventDate "2021.09.08"]
[EventType "tourn (corr)"]
[EventRounds "4"]
[EventCountry "GER"]
[SourceTitle "Corr 2024"]
[Source "ChessBase"]
[SourceDate "2023.10.19"]
[SourceVersion "1"]
[SourceVersionDate "2023.10.19"]
[SourceQuality "1"]

1. e4 c5 2. Nf3 d6 3. d4 cxd4 4. Nxd4 Nf6 5. Nc3 a6 6. h3 e5 7. Nde2 h5 8. g3 Be7 9. Bg2 Nbd7 10. a4 Nc5 11. Bg5 Be6 12. a5 0-0 13. 0-0 b6 14. axb6 Qxb6 15. Qd2 a5 16. b3 Rfc8 17. Rfd1 Qc6 18. Bxf6 Bxf6 19. Qxd6 Qxd6 20. Rxd6 h4 21. g4 Bd8 22. f4 Nb7 23. Rd3 exf4 24. e5 Rab8 25. Bxb7 Rxb7 26. Nxf4 Bb6+ 27. Kf1 Rxc3 28. Rxc3 Bd4 29. Ne2 Bxe5 30. Rxa5 Bxc3 31. Nxc3 Rc7 32. Ne4 1/2-1/2

[Event "SB-2021-0-00621"]
[Site "LSS email"]
[Date "2021.08.29"]
[Round "?"]
[White "Ederer, Karel"]
[Black "Langheld, Werner"]
[Result "1/2-1/2"]
[WhiteElo "1946"]
[BlackElo "1883"]
[PlyCount "75"]
[EventDate "2021.07.19"]
[EventType "tourn (corr)"]
[EventRounds "6"]
[EventCountry "GER"]
[SourceTitle "Corr 2024"]
[Source "ChessBase"]
[SourceDate "2023.10.19"]
[SourceVersion "1"]
[SourceVersionDate "2023.10.19"]
[SourceQuality "1"]

1. d4 Nf6 2. c4 b6 3. Nf3 Bb7 4. Nc3 d5 5. cxd5 Nxd5 6. Qc2 e6 7. e4 Nxc3 8. bxc3 Be7 9. Bb5+ c6 10. Bd3 c5 11. 0-0 cxd4 12. cxd4 0-0 13. Bb2 Nd7 14. Rfc1 h6 15. Qe2 Rc8 16. Nd2 Nf6 17. Rxc8 Qxc8 18. Rc1 Qd7 19. Bb5 Qd8 20. f3 Qb8 21. Bd3 Rc8 22. Nc4 a6 23. g3 Nd7 24. Kg2 b5 25. Na5 Ba8 26. Nb3 Nb6 27. Bc3 Na4 28. Be1 Rxc1 29. Nxc1 Bc6 30. Nb3 Qd6 31. Qc2 Bd7 32. h4 h5 33. Be2 Bd8 34. f4 g6 35. Bf3 Be7 36. e5 Qb8 37. Kg1 Bf8 38. Kh2 1/2-1/2

[Event "SB-2021-0-00621"]
[Site "LSS email"]
[Date "2021.08.27"]
[Round "?"]
[White "Ederer, Karel"]
[Black "D'Emilia, Jack"]
[Result "1/2-1/2"]
[WhiteElo "1946"]
[BlackElo "1818"]
[PlyCount "63"]
[EventDate "2021.07.19"]
[EventType "tourn (corr)"]
[EventRounds "6"]
[EventCountry "GER"]
[SourceTitle "Corr 2024"]
[Source "ChessBase"]
[SourceDate "2023.10.19"]
[SourceVersion "1"]
[SourceVersionDate "2023.10.19"]
[SourceQuality "1"]

1. e4 e5 2. Nf3 Nc6 3. Bb5 a6 4. Ba4 b5 5. Bb3 Bb7 6. 0-0 Nf6 7. d3 Be7 8. Re1 d6 9. a3 0-0 10. Nbd2 Qd7 11. c3 d5 12. exd5 Nxd5 13. Ne4 Rad8 14. Bg5 Ba8 15. Qd2 h6 16. Bxe7 Ndxe7 17. a4 Ng6 18. axb5 axb5 19. Nc5 Qg4 20. h3 Qf5 21. Qe3 Rfe8 22. Qe4 Nce7 23. Qxf5 Nxf5 24. Bd1 Nf4 25. Ra7 Nxd3 26. Nxd3 e4 27. Rxc7 Nd6 28. Bb3 exd3 29. Rd1 Bxf3 30. gxf3 Re2 31. Rxd3 Rxb2 32. Bd5 1/2-1/2

[Event "OP-2021-0-05174"]
[Site "LSS email"]
[Date "2021.08.10"]
[Round "?"]
[White "Baltar, Antoni"]
[Black "Ederer, Karel"]
[Result "1/2-1/2"]
[WhiteElo "1495"]
[BlackElo "1980"]
[PlyCount "70"]
[EventDate "2021.08.06"]
[EventType "tourn (corr)"]
[EventRounds "4"]
[EventCountry "GER"]
[SourceTitle "Corr 2024"]
[Source "ChessBase"]
[SourceDate "2023.10.19"]
[SourceVersion "1"]
[SourceVersionDate "2023.10.19"]
[SourceQuality "1"]

1. e4 c5 2. d4 cxd4 3. c3 Nf6 4. e5 Nd5 5. Nf3 Nc6 6. cxd4 d6 7. Bc4 Nb6 8. Bb3 dxe5 9. d5 Na5 10. Nc3 f6 11. 0-0 Nxb3 12. Qxb3 e6 13. dxe6 Qd6 14. Nb5 Qc6 15. Re1 a6 16. Nbd4 exd4 17. Nxd4 Qc5 18. Qg3 Nd5 19. Nb3 Qc7 20. Qf3 Bb4 21. Bd2 Bxd2 22. Nxd2 Ne7 23. Rac1 Qd8 24. Nc4 0-0 25. Qa3 b6 26. Red1 Nd5 27. Qf3 Bxe6 28. Ne3 Rc8 29. Rxc8 Qxc8 30. Nxd5 Qc2 31. b4 Qxa2 32. Nxb6 Bb3 33. Rc1 Qb2 34. Qc3 Qxc3 35. Rxc3 Rd8 1/2-1/2

[Event "OP-2021-0-05140"]
[Site "LSS email"]
[Date "2021.05.18"]
[Round "?"]
[White "Ederer, Karel"]
[Black "Molina, Vicente Andres"]
[Result "1-0"]
[WhiteElo "1993"]
[BlackElo "741"]
[PlyCount "41"]
[EventDate "2021.05.09"]
[EventType "tourn (corr)"]
[EventRounds "4"]
[EventCountry "GER"]
[SourceTitle "Corr 2024"]
[Source "ChessBase"]
[SourceDate "2023.10.19"]
[SourceVersion "1"]
[SourceVersionDate "2023.10.19"]
[SourceQuality "1"]

1. c4 c6 2. d4 d5 3. Nc3 e5 4. dxe5 d4 5. Ne4 Qa5+ 6. Bd2 Qxe5 7. Ng3 Bc5 8. b4 Bb6 9. Nf3 Qe7 10. c5 Bc7 11. Nxd4 Be5 12. Ndf5 Bxf5 13. Nxf5 Qe6 14. e4 Bxa1 15. Nd6+ Kf8 16. Qxa1 b6 17. Bc4 Qg6 18. 0-0 Nf6 19. Bxf7 bxc5 20. Bxg6 hxg6 21. e5 1-0